000 00426nam a22001577a 4500
003 OSt
005 20251021070551.0
008 251021b |||||||| |||| 00| 0 eng d
020 _a9966773533
040 _cVIDE-MUWA PUBLISHERS LIMITED
050 _aPL 8704 .A74 2009
245 _aMSTAHIKI MEYA
_cAREGE, M TIMOTHY
250 _a1ST EDITION
260 _aNAIROBI, KENYA
_bVIDE-MUWAPUBLISHERS LIMITED
_c2009
942 _2lcc
_cBK
_n0
999 _c9640
_d9640